Sports Quiz

Random Sports or MLB Quiz
Score 0/68 Timer 15:00
0 Plays Today
Homers player % Correct
World Series Game 3(Phillies)Ryan Howard
95.2%
NLCS Game 1(Phillies)Chase Utley
90.5%
World Series Game 1(Phillies)Chase Utley
90.5%
World Series Game 3(Phillies)Chase Utley
90.5%
ALDS Game 1(Rays)Evan Longoria
85.7%
NLDS Game 1(Dodgers)Manny Ramirez
85.7%
NLDS Game 2(Dodgers)Manny Ramirez
85.7%
NLDS Game 4(Phillies)Jimmy Rollins
85.7%
ALCS Game 2(Rays)Evan Longoria
85.7%
ALCS Game 3(Rays)Evan Longoria
85.7%
ALCS Game 4(Rays)Evan Longoria
85.7%
ALCS Game 5(Rays)Evan Longoria
85.7%
ALCS Game 7(Red Sox)Dustin Pedroia
85.7%
NLCS Game 2(Dodgers)Manny Ramirez
85.7%
NLCS Game 5(Phillies)Jimmy Rollins
85.7%
NLCS Game 5(Dodgers)Manny Ramirez
85.7%
ALCS Game 5(Red Sox)David Ortiz
76.2%
NLDS Game 4(Phillies)Jayson Werth
71.4%
NLCS Game 4(Phillies)Shane Victorino
71.4%
World Series Game 4(Phillies)Jayson Werth
71.4%
ALCS Game 2(Red Sox)Kevin Youkilis
61.9%
ALCS Game 3(Rays)Carlos Pena
61.9%
ALCS Game 4(Rays)Carlos Pena
61.9%
ALCS Game 5(Rays)Carlos Pena
61.9%
ALCS Game 6(Red Sox)Kevin Youkilis
61.9%
ALDS Game1(White Sox)Paul Konerko
57.1%
ALDS Game 4(White Sox)Paul Konerko
57.1%
ALCS Game 6(Red Sox)Jason Varitek
57.1%
NLCS Game 1(Phillies)Pat Burrell
57.1%
World Series Game 1(Rays)Carl Crawford
57.1%
World Sereis Game 3(Phillies)Carlos Ruiz
57.1%
World Series Game 4(Rays)Carl Crawford
57.1%
ALDS Game 3(Rays)B.J. Upton
52.4%
ALCS Game 2(Rays)BJ Upton
52.4%
Homers player % Correct
ALCS Game 3(Rays)BJ Upton
52.4%
ALCS Game 5(Rays)BJ Upton
52.4%
ALCS Game 6(Rays)BJ Upton
52.4%
ALDS Game 2(Red Sox)JD Drew
47.6%
NLDS Game 4(Brewers)Prince Fielder
47.6%
ALCS Game 5(Red Sox)JD Drew
47.6%
ALDS Game 4(White Sox)Jermaine dye
42.9%
ALCS Game 6(Rays)Jason Bartlett
38.1%
NLCS Game 4(Phillies)Matt Stairs
38.1%
ALDS Game 1(Red Sox)Jason Bay
33.3%
ALDS Game 2(Red Sox)Jason Bay
33.3%
ALCS Game 2(Red Sox)Jason Bay
33.3%
ALCS Game 3(Rays)Rocco Baldelli
33.3%
World Series Game 5(Rays)Rocco Baldelli
33.3%
ALDS Game 2(Rays)Akinori Iwamura
28.6%
World Series Game 4(Phillies)Joe Blanton
28.6%
NLDS Game 1(Cubs)Mark Derosa
23.8%
NLDS Game 1(Dodgers)James Loney
23.8%
NLDS Game 1(Dodgers)Russell Martin
23.8%
ALCS Game 4(Rays)Willy Aybar
23.8%
ALCS Game 7(Rays)Willy Aybar
23.8%
ALDS Game 3(Angels)Mike Napoli (2)
19%
ALDS Game 4(Rays)B.J. Upton(2)
19%
NLDS Game 2(Phillies)Shane Victorino(GS)
19%
NLDS Game 4(Phillies)Pat Burrell(2)
19%
ALCS Game 2(Red Sox)Dustin Pedroia(2)
19%
ALCS Game 4(Red Sox)Kevin Cash
19%
NLCS Game 4(Dodgers)Casey Blake
19%
ALDS Game 1(White Sox)Dewayne Wise
14.3%
ALCS Game 2(Rays)Cliff Floyd
14.3%
NLCS Game 3(Dodgers)Rafael Furcal
14.3%
World Series Game 2(Phillies)Eric Bruntlett
14.3%
World Series Game 4(Rays)Eric Hinske
14.3%
World Series Game 4(Phillies)Ryan Howard(2)
9.5%
Come Together.
Have Fun.
All Virtual.
We all need to come together. Play Sporcle's virtual live trivia to have fun, connect with people, and get your trivia on. Join a live hosted trivia game for your favorite pub trivia experience done virtually. If a virtual private party is more your thing, go here for details.

You're not logged in!

Compare scores with friends on all Sporcle quizzes.
OR
Log In

Sporcle TV

Today on Sporcle TV


Watch our educational content, quiz creation guides, and fun videos on Sporcle TV.

Show Comments

Extras

Top Quizzes Today


Score Distribution

Paid Content

Your Account Isn't Verified!

In order to create a playlist on Sporcle, you need to verify the email address you used during registration. Go to your Sporcle Settings to finish the process.

Report this User

Report this user for behavior that violates our Community Guidelines.

Details: